| 000 | 00473nam a2200169Ia 4500 | ||
|---|---|---|---|
| 008 | 230718s9999 xx 000 0 und d | ||
| 020 | _a9780849313691 | ||
| 041 | _aeng | ||
| 082 |
_a621.184 _bCHA |
||
| 100 |
_aChattopadhyay S. _9118564 |
||
| 245 |
_aPressure Vessels _bDesign And Practice |
||
| 260 |
_c2010 _bCRC Press |
||
| 300 | _a185 | ||
| 365 |
_cRs. _b495.00 |
||
| 700 |
_aChattopadhyay S. _9118564 |
||
| 906 |
_dO:0088024-Jun-2010B:110110004817-May-2010 _cMECH _b99 |
||
| 999 |
_c325118 _d325118 |
||